Statistiques concernant La Bible - Les livres du Nouveau Testament

Cliquez ici pour prendre le quiz!

Statistiques générales

  • Ce quiz a été pris 60 fois
  • Le résultat moyen est 21 sur 27

Statistiques - réponses

CatégorieNom du livre% Correct
Les Evangiles 4Jean
100%
Autres Epîtres 73 Jean
100%
Autres Epîtres 62 Jean
100%
Autres Epîtres 51 Jean
100%
Les Evangiles 1Matthieu
98%
Les Evangiles 2Marc
98%
Les Evangiles 3Luc
96%
Livre de la RévélationApocalypse
89%
Autres Epîtres 31 Pierre
85%
Autres Epîtres 42 Pierre
85%
Epîtres de Paul 32 Corinthiens
83%
Epîtres de Paul 21 Corinthiens
83%
Epîtres de Paul 1Romains
81%
Epîtres de Paul 92 Thessaloniciens
70%
Epîtres de Paul 81 Thessaloniciens
70%
Actes des ApôtresActes
68%
Epîtres de Paul 5Ephésiens
68%
Autres Epîtres 8Jude
64%
Epîtres de Paul 12Tite
64%
Autres Epîtres 1Hébreux
64%
Epîtres de Paul 101 Timothée
62%
Epîtres de Paul 112 Timothée
62%
Autres Epîtres 2Jacques
62%
Epîtres de Paul 13Philémon
60%
Epîtres de Paul 6Philippiens
60%
Epîtres de Paul 7Colossiens
57%
Epîtres de Paul 4Galates
57%

Distribution des résultats

Percentile par nombre de réponses

% des personnes avec chaque résultat

Votre développement - résultats

Vous n’avez pas pris ce quiz